[Event "Znojmo Rotunda op-A"]
[Site "Znojmo"]
[Date "2023.08.22"]
[Round "4"]
[White "Vodak, Rostislav"]
[Black "Dvorak, Libor"]
[Result "1/2-1/2"]
[WhiteElo "1973"]
[BlackElo "1979"]
[PlyCount "60"]
[EventDate "2023.08.19"]
[EventType "swiss"]
[EventRounds "9"]
[EventCountry "CZE"]
[SourceTitle "EXT 2024"]
[Source "ChessBase"]
[SourceDate "2023.10.10"]
[SourceVersion "1"]
[SourceVersionDate "2023.10.10"]
[SourceQuality "1"]

1. e4 c5 2. Nf3 d6 3. d4 cxd4 4. Nxd4 Nf6 5. Nc3 g6 6. Be2 Nc6 7. 0-0 Nxd4 8. Qxd4 Bg7 9. Bb5+ Bd7 10. Bxd7+ Qxd7 11. Bg5 0-0 12. Qd2 Rac8 13. Rfe1 Rc5 14. Be3 Rh5 15. f3 a6 16. Ne2 Qc7 17. Nf4 Ra5 18. c3 Rc8 19. a3 Qc4 20. Rad1 Qb3 21. Ne2 Nd7 22. Nd4 Qc4 23. Qc2 Ne5 24. Nb3 Qa4 25. Rc1 Rb5 26. Nd4 Qxc2 27. Rxc2 Nd3 28. Nxb5 Nxe1 29. Rd2 axb5 30. Kf2 Nc2 1/2-1/2

[Event "Znojmo Rotunda op-A"]
[Site "Znojmo"]
[Date "2023.08.21"]
[Round "3"]
[White "Rybackova, Lucie"]
[Black "Vodak, Rostislav"]
[Result "1/2-1/2"]
[WhiteElo "1876"]
[BlackElo "1973"]
[PlyCount "109"]
[EventDate "2023.08.19"]
[EventType "swiss"]
[EventRounds "9"]
[EventCountry "CZE"]
[SourceTitle "EXT 2024"]
[Source "ChessBase"]
[SourceDate "2023.10.10"]
[SourceVersion "1"]
[SourceVersionDate "2023.10.10"]
[SourceQuality "1"]

1. d4 d5 2. Nf3 Nf6 3. g3 e6 4. Bg2 Be7 5. 0-0 0-0 6. c4 c5 7. Nc3 Nc6 8. cxd5 exd5 9. dxc5 Bxc5 10. Bg5 d4 11. Bxf6 Qxf6 12. Ne4 Qe7 13. Nxc5 Qxc5 14. Rc1 Qb6 15. Qd2 Be6 16. b3 h6 17. Rfd1 Rfd8 18. Ne1 a5 19. Nd3 Bd5 20. Bxd5 Rxd5 21. Rc4 Re8 22. Qc2 Rdd8 23. a3 Rd6 24. b4 axb4 25. Nxb4 Nxb4 26. Rxb4 Qa6 27. Qd3 Rxe2 28. Qxa6 Rxa6 29. Rdxd4 Rxa3 30. Rxb7 Rf3 31. Rf4 Rxf4 32. gxf4 Re4 33. f5 Re5 34. f6 g5 35. Kg2 Re6 36. h4 gxh4 37. Rb4 Rxf6 38. Rxh4 Rg6+ 39. Kf3 Kg7 40. Ke4 Re6+ 41. Kf4 Ra6 42. Kg3 Ra5 43. Rb4 Kg6 44. f3 Rg5+ 45. Kf4 f6 46. Rb8 Ra5 47. Rg8+ Kf7 48. Rb8 h5 49. Rb4 Kg6 50. Kg3 Kg5 51. Rc4 Ra1 52. Rc5+ Kg6 53. Rc4 Rg1+ 54. Kf2 Rg5 55. Rh4 1/2-1/2

[Event "Stare Mesto op"]
[Site "Stare Mesto"]
[Date "2022.08.14"]
[Round "3"]
[White "Stehlik, Jiri1111"]
[Black "Vodak, Rostislav"]
[Result "0-1"]
[WhiteElo "1762"]
[BlackElo "2004"]
[PlyCount "128"]
[EventDate "2022.08.12"]
[EventType "swiss"]
[EventRounds "9"]
[EventCountry "CZE"]
[SourceTitle "CBM 209 Extra"]
[Source "ChessBase"]
[SourceDate "2022.09.30"]
[SourceVersion "1"]
[SourceVersionDate "2022.09.30"]
[SourceQuality "1"]

1. c4 Nf6 2. Nf3 c5 3. Nc3 e6 4. g3 b6 5. Bg2 Bb7 6. 0-0 Be7 7. d4 cxd4 8. Nxd4 Bxg2 9. Kxg2 0-0 10. b3 a6 11. Bb2 Qc7 12. f3 Nc6 13. e4 d6 14. Nxc6 Qxc6 15. Qe2 Rfd8 16. Rfd1 Rab8 17. Rac1 Qb7 18. a4 Ne8 19. Ba3 Bf8 20. Rc2 Rdc8 21. Rcd2 Qc6 22. Qe3 Rb7 23. Ne2 Rd7 24. Nd4 Qb7 25. Kh1 Rcd8 26. Ne2 b5 27. axb5 axb5 28. cxb5 Qxb5 29. Nd4 Qa6 30. Bb2 d5 31. e5 Rc8 32. Qd3 Qb7 33. Rc2 Rxc2 34. Nxc2 Qb8 35. f4 Rc7 36. Nd4 Bc5 37. Rb1 Rb7 38. Bc3 Nc7 39. Kg2 Bxd4 40. Bxd4 Nb5 41. b4 Nxd4 42. Qxd4 h6 43. Rb3 Rb5 44. g4 Qb7 45. Kg3 Qc6 46. Rc3 Qb6 47. Qxb6 Rxb6 48. Rb3 Rb5 49. f5 Kf8 50. Kf4 Ke7 51. h4 g6 52. f6+ Kd7 53. Ke3 Kc6 54. Kd3 Rb7 55. Kc3 Kb6 56. Ra3 Ra7 57. Rxa7 Kxa7 58. b5 Kb6 59. Kb4 d4 60. Kc4 d3 61. Kxd3 Kxb5 62. g5 hxg5 63. hxg5 Kc5 64. Ke4 Kc4 0-1

[Event "Stare Mesto op"]
[Site "Stare Mesto"]
[Date "2021.08.19"]
[Round "7"]
[White "Kostka, Vit"]
[Black "Vodak, Rostislav"]
[Result "1-0"]
[WhiteElo "2145"]
[BlackElo "1999"]
[PlyCount "119"]
[EventDate "2021.08.13"]
[EventType "swiss"]
[EventRounds "9"]
[EventCountry "CZE"]
[SourceTitle "CBM 203 Extra"]
[Source "ChessBase"]
[SourceDate "2021.09.30"]
[SourceVersion "1"]
[SourceVersionDate "2021.09.30"]
[SourceQuality "1"]

1. e4 e6 2. d4 d5 3. Nc3 dxe4 4. Nxe4 Bd7 5. Nf3 Bc6 6. Bd3 Nd7 7. Qe2 Ngf6 8. Nxf6+ Nxf6 9. Bg5 Bxf3 10. Qxf3 c6 11. c3 Be7 12. 0-0 0-0 13. Qh3 g6 14. Rfe1 Re8 15. Rad1 Nh5 16. Bd2 Bg5 17. Bxg5 Qxg5 18. Re5 Qf6 19. Rde1 Nf4 20. Qf3 Nd5 21. Qg3 Qf4 22. Qxf4 Nxf4 23. Bc4 Nd5 24. Bb3 Red8 25. g3 Rd6 26. f4 h5 27. Kf2 Rad8 28. Kf3 Kg7 29. h3 Nf6 30. g4 hxg4+ 31. hxg4 Nd7 32. R5e2 Nf8 33. Kg3 R8d7 34. Re5 Rc7 35. f5 gxf5 36. gxf5 exf5 37. Rxf5 Rg6+ 38. Kf4 Rf6 39. Re8 Ng6+ 40. Kg5 Rxf5+ 41. Kxf5 Rd7 42. a4 Ne7+ 43. Kg5 Nd5 44. a5 a6 45. Kf5 Ne7+ 46. Ke4 Kf6 47. Rb8 Nf5 48. d5 c5 49. Kf4 Nd6 50. Ba2 Ke7 51. c4 Rc7 52. b3 Kf6 53. Bb1 Ke7 54. Bf5 Kf6 55. Bh3 Ke7 56. Ke5 Ne8 57. Bg4 Nd6 58. Rh8 Ne8 59. Rh6 f6+ 60. Rxf6 1-0

[Event "Stare Mesto op"]
[Site "Stare Mesto"]
[Date "2021.08.17"]
[Round "5"]
[White "Knotek, Josef"]
[Black "Vodak, Rostislav"]
[Result "1-0"]
[WhiteElo "1949"]
[BlackElo "1999"]
[PlyCount "55"]
[EventDate "2021.08.13"]
[EventType "swiss"]
[EventRounds "9"]
[EventCountry "CZE"]
[SourceTitle "CBM 203 Extra"]
[Source "ChessBase"]
[SourceDate "2021.09.30"]
[SourceVersion "1"]
[SourceVersionDate "2021.09.30"]
[SourceQuality "1"]

1. d4 d5 2. Nf3 e6 3. c4 Nf6 4. Nc3 c6 5. Bg5 Be7 6. e3 0-0 7. Rc1 Nbd7 8. a3 Re8 9. Bd3 dxc4 10. Bxc4 Nd5 11. Bxe7 Qxe7 12. 0-0 Nxc3 13. Rxc3 e5 14. dxe5 Nxe5 15. Nxe5 Qxe5 16. f4 Qf5 17. Bd3 Qa5 18. Qc2 f5 19. Rc5 Qb6 20. Rf3 Be6 21. Re5 Bd5 22. Rg3 Rxe5 23. fxe5 Be4 24. Bxe4 fxe4 25. Qc4+ Kh8 26. Qf7 Rg8 27. h3 Qxb2 28. Rxg7 1-0

[Event "CZE-chT2D 1920"]
[Site "Czech Republic"]
[Date "2020.01.26"]
[Round "7.7"]
[White "Novotny, Ondrej"]
[Black "Vodak, Rostislav"]
[Result "1/2-1/2"]
[WhiteElo "1823"]
[BlackElo "1999"]
[PlyCount "86"]
[EventDate "2019.10.13"]
[EventType "team-tourn"]
[EventRounds "11"]
[EventCountry "CZE"]
[SourceTitle "EXT 2024"]
[Source "ChessBase"]
[SourceDate "2023.10.10"]
[SourceVersion "1"]
[SourceVersionDate "2023.10.10"]
[SourceQuality "1"]
[WhiteTeam "Chotebor"]
[BlackTeam "Zabreh"]
[WhiteTeamCountry "CZE"]
[BlackTeamCountry "CZE"]

1. e4 e6 2. Nf3 d5 3. e5 c5 4. b4 b6 5. c3 Bd7 6. a3 Ne7 7. d4 Ng6 8. Bd3 Be7 9. h4 a5 10. b5 c4 11. Bxg6 hxg6 12. a4 Bc8 13. Qc2 Nd7 14. Be3 Bb7 15. Nbd2 Qc7 16. Ng5 Nf8 17. f4 f6 18. Ngf3 Bc8 19. 0-0-0 Bd7 20. Qb2 0-0-0 21. g4 Be8 22. Nf1 Bf7 23. Ng3 Nd7 24. Qe2 Rdg8 25. Bd2 Qd8 26. exf6 gxf6 27. Rhg1 Bd6 28. Rde1 Qc7 29. Qe3 Re8 30. Ne2 e5 31. fxe5 fxe5 32. Qf2 exd4 33. cxd4 Rhf8 34. Qg2 Bg8 35. Nc3 Bb4 36. Ng5 Bxc3 37. Bxc3 Qd6 38. Kb2 Nf6 39. Rgf1 Rxe1 40. Bxe1 Re8 41. Qf3 Rxe1 42. Rxe1 Qb4+ 43. Kc2 Qxe1 1/2-1/2